| 000 | 00609nam a2200193 a 4500 | ||
|---|---|---|---|
| 005 | 20260221063937.0 | ||
| 008 | 991125s1960 bue 000 0 spa u | ||
| 035 | _aUPN01000013801 | ||
| 049 | _aCE | ||
| 050 | 4 |
_aLB875 _bD2.58 1960 |
|
| 100 | 1 |
_aDewey, John, _d1859-1952 |
|
| 245 | 1 | 0 |
_aDemocracia y educación : _buna introducción a la filosofía de la educación / _cJohn Dewey ; tr. del inglés por Lorenzo Luzuriaga. |
| 250 | _a4a ed. | ||
| 260 |
_aBuenos Aires : _bLosada, _c1960. |
||
| 300 | _a362 p. | ||
| 440 | 0 | _aBiblioteca pedagógica | |
| 650 | 4 |
_aEducación _xFilosofía _94994 |
|
| 905 | _aLibro | ||
| 999 |
_c13801 _d13801 |
||